Pokémon - Les attaques de Escroco - Statistiques

Statistiques générales
  • Ce quiz a été pris 11 fois
  • Le résultat moyen est 11 sur 15
Statistiques - réponses
Niveaux Types Noms des attaques % Correct
Niveau 27 Ténèbres Mâchouille
100%
Niveau 15 Ténèbres Morsure
100%
Niveau 42 Sol Séisme
100%
Départ Sol Jet de Sable
86%
Niveau 9 Sol Tourbi-Sable
86%
Niveau 21 Sol Tunnel
86%
Départ Ténèbres Aiguisage
71%
Départ Ténèbres Arrogance
71%
Départ Normal Groz'Yeux
71%
Niveau 47 Normal Mania
71%
Niveau 32 Roche Tempête de Sable
57%
Niveau 35 Ténèbres Tricherie
57%
Niveau 12 Normal Grimace
43%
Niveau 24 Normal Vantardise
43%
Niveau 18 Ténèbres Tourmente
29%
Aucun quiz correspondant
Distribution des résultats
% des personnes avec chaque résultat
Percentile par nombre de réponses
Votre historique - résultats
Vous n’avez pas pris ce quiz